[Event "Minsk Bronstein Memorial op"]
[Site "Minsk"]
[Date "2017.02.19"]
[Round "9"]
[White "Aleksandrov, Aleksej"]
[Black "Kupreichik, Viktor D"]
[Result "1-0"]
[WhiteElo "2568"]
[BlackElo "2370"]
[PlyCount "131"]
[EventDate "2017.02.18"]
[EventType "swiss (rapid)"]
[EventRounds "10"]
[EventCountry "BLR"]
[SourceTitle "EXT 2018"]
[Source "ChessBase"]
[SourceDate "2017.10.13"]
[SourceVersion "1"]
[SourceVersionDate "2017.10.13"]
[SourceQuality "1"]

1. Nf3 c5 2. e3 Nc6 3. b3 e5 4. d4 e4 5. d5 Qf6 6. c3 exf3 7. dxc6 fxg2 8. cxd7+ Bxd7 9. Bxg2 Bc6 10. Bxc6+ Qxc6 11. 0-0 Bd6 12. Nd2 Be5 13. Bb2 Rd8 14. f4 Bc7 15. Qe2 Qg6+ 16. Kh1 Qd3 17. Rf2 Nf6 18. c4 Ba5 19. Nf3 Qxe2 20. Rxe2 Ke7 21. Rg1 g6 22. Rg5 Rd1+ 23. Kg2 Rc8 24. a3 Nh5 25. Re5+ Kd7 26. b4 Bb6 27. Rd2+ Rxd2+ 28. Nxd2 f6 29. Rd5+ Ke6 30. Kf3 cxb4 31. Rb5 bxa3 32. Bxa3 Rd8 33. Ke2 Rd7 34. Ne4 Kf7 35. c5 Bd8 36. Nd6+ Ke6 37. Nxb7 Kd5 38. Nxd8 Rxd8 39. Rb7 a5 40. Rxh7 f5 41. Ra7 Nf6 42. Rxa5 Ne4 43. Bb2 Rd7 44. Kf3 Nd2+ 45. Kf2 Rh7 46. Kg2 Nc4 47. Rb5 Nxe3+ 48. Kg1 Rc7 49. Kf2 Nd1+ 50. Kg3 Nxb2 51. Rxb2 Rxc5 52. Kh4 Ke4 53. Kg5 Rc1 54. Rb4+ Kf3 55. Kxg6 Rc5 56. Kg5 Rc8 57. h4 Rg8+ 58. Kxf5 Rf8+ 59. Kg6 Rg8+ 60. Kf7 Rg4 61. h5 Rh4 62. Kg6 Rg4+ 63. Kf5 Kg3 64. h6 Rh4 65. Rb3+ Kf2 66. Kg5 1-0

[Event "Tula Suetin Memorial"]
[Site "Tula"]
[Date "2017.01.07"]
[Round "7"]
[White "Kupreichik, Viktor D"]
[Black "Domogaev, Sergey"]
[Result "1/2-1/2"]
[WhiteElo "2359"]
[BlackElo "2435"]
[PlyCount "41"]
[EventDate "2017.01.03"]
[EventType "tourn"]
[EventRounds "9"]
[EventCountry "RUS"]
[EventCategory "7"]
[SourceTitle "CBM 176 Extra"]
[Source "ChessBase"]
[SourceDate "2017.03.02"]
[SourceVersion "1"]
[SourceVersionDate "2017.03.02"]
[SourceQuality "1"]

1. e4 e5 2. Nf3 Nc6 3. Bb5 a6 4. Ba4 Nf6 5. 0-0 Be7 6. Re1 b5 7. Bb3 d6 8. c3 0-0 9. h3 Nb8 10. d4 Nbd7 11. Nbd2 Bb7 12. Bc2 Re8 13. a4 Bf8 14. Bd3 c6 15. b4 Nb6 16. axb5 axb5 17. Rxa8 Bxa8 18. Nb3 Bb7 19. dxe5 dxe5 20. Be3 Bc8 21. Na5 1/2-1/2

[Event "Kolomna op"]
[Site "Kolomna"]
[Date "2016.10.09"]
[Round "7.8"]
[White "Kupreichik, Viktor D"]
[Black "Protopopova, Anastasiya"]
[Result "1-0"]
[WhiteElo "2376"]
[BlackElo "2082"]
[PlyCount "57"]
[EventDate "2016.10.05"]
[EventType "swiss"]
[EventRounds "9"]
[EventCountry "RUS"]
[SourceTitle "EXT 2018"]
[Source "ChessBase"]
[SourceDate "2017.10.13"]
[SourceVersion "1"]
[SourceVersionDate "2017.10.13"]
[SourceQuality "1"]

1. e4 c6 2. d4 d5 3. Nc3 dxe4 4. Nxe4 Bf5 5. Nc5 e5 6. Nxb7 Qxd4 7. Qxd4 exd4 8. Nf3 Bxc2 9. Nxd4 Be4 10. Bf4 Bb4+ 11. Bd2 Bxd2+ 12. Kxd2 Nf6 13. Nd6+ Kf8 14. Nxe4 Nxe4+ 15. Ke3 Nf6 16. Rc1 c5 17. Nb3 Nc6 18. f3 Rb8 19. Rxc5 Nb4 20. Bc4 Nd7 21. Rc7 Ne5 22. Rd1 Nxc4+ 23. Rxc4 g6 24. Rd7 Nxa2 25. Nd4 Kg7 26. Rcc7 Rbe8+ 27. Kd2 Rhf8 28. Rxa7 Nb4 29. Kc3 1-0

[Event "Kolomna op"]
[Site "Kolomna"]
[Date "2016.10.08"]
[Round "6.8"]
[White "Kupreichik, Viktor D"]
[Black "Sokolov, Nikita Dm"]
[Result "1/2-1/2"]
[WhiteElo "2376"]
[BlackElo "2103"]
[PlyCount "40"]
[EventDate "2016.10.05"]
[EventType "swiss"]
[EventRounds "9"]
[EventCountry "RUS"]
[SourceTitle "EXT 2018"]
[Source "ChessBase"]
[SourceDate "2017.10.13"]
[SourceVersion "1"]
[SourceVersionDate "2017.10.13"]
[SourceQuality "1"]

1. e4 c5 2. Nf3 d6 3. d4 cxd4 4. Qxd4 Nc6 5. Bb5 Bd7 6. Bxc6 Bxc6 7. c4 Nf6 8. Nc3 g6 9. 0-0 Bg7 10. h3 0-0 11. Qe3 Nd7 12. Bd2 Qb6 13. Nd5 Bxd5 14. cxd5 Rfc8 15. Rab1 Rc2 16. Rfc1 Rac8 17. b3 Qxe3 18. Bxe3 Rxc1+ 19. Bxc1 Rc2 20. Be3 Rxa2 1/2-1/2

[Event "Kaunas Butnorius 70 op"]
[Site "Kaunas"]
[Date "2016.08.05"]
[Round "8"]
[White "Kupreichik, Viktor D"]
[Black "Grib, Roman"]
[Result "1-0"]
[WhiteElo "2366"]
[BlackElo "2408"]
[PlyCount "117"]
[EventDate "2016.08.01"]
[EventType "swiss"]
[EventRounds "9"]
[EventCountry "LTU"]
[SourceTitle "CBM 173 Extra"]
[Source "ChessBase"]
[SourceDate "2016.08.29"]
[SourceVersion "1"]
[SourceVersionDate "2016.08.29"]
[SourceQuality "1"]

1. e4 e5 2. Nf3 Nc6 3. Bb5 a6 4. Ba4 Nf6 5. 0-0 Be7 6. Re1 b5 7. Bb3 0-0 8. a4 Bb7 9. d3 Re8 10. Nc3 Bb4 11. Bd2 Bxc3 12. Bxc3 h6 13. Qd2 d6 14. Ba2 Nd7 15. d4 b4 16. Bxb4 Nxd4 17. Nxd4 exd4 18. Ba5 Qf6 19. f3 Qe5 20. Rad1 c5 21. c3 Bc6 22. cxd4 cxd4 23. Bb4 Bxa4 24. b3 Bb5 25. Qxd4 Nc5 26. Qxe5 Rxe5 27. Bc3 Nd3 28. Bxe5 dxe5 29. Re2 Rc8 30. Red2 Rc7 31. b4 Nxb4 32. Bd5 Rc3 33. Rb2 Nd3 34. Rb3 Rxb3 35. Bxb3 Kf8 36. Ra1 Ke7 37. Ba4 Bc4 38. Rb1 Kd6 39. Bb3 Bb5 40. Bxf7 Kc5 41. Kf1 Kd4 42. Ke2 Kc3 43. Ke3 Kc2 44. Ra1 Nb4 45. Ra3 g5 46. g3 Kc1 47. Rc3+ Nc2+ 48. Kf2 Kd2 49. Rc5 Nb4 50. Bc4 Bxc4 51. Rxc4 Nd3+ 52. Kf1 Ke3 53. Rc3 h5 54. Ra3 a5 55. f4 gxf4 56. gxf4 Kxe4 57. f5 Nc5 58. f6 Nd7 59. f7 1-0

[Event "Kaunas Butnorius 70 op"]
[Site "Kaunas"]
[Date "2016.08.03"]
[Round "5"]
[White "Sumskis, Rimvydas"]
[Black "Kupreichik, Viktor D"]
[Result "1/2-1/2"]
[WhiteElo "2096"]
[BlackElo "2366"]
[PlyCount "110"]
[EventDate "2016.08.01"]
[EventType "swiss"]
[EventRounds "9"]
[EventCountry "LTU"]
[SourceTitle "CBM 173 Extra"]
[Source "ChessBase"]
[SourceDate "2016.08.29"]
[SourceVersion "1"]
[SourceVersionDate "2016.08.29"]
[SourceQuality "1"]

1. e4 c5 2. Nc3 Nc6 3. Nf3 g6 4. d4 cxd4 5. Nxd4 Bg7 6. Be3 Nf6 7. Be2 0-0 8. 0-0 d5 9. exd5 Nb4 10. Nb3 Bf5 11. Nd4 Bc8 12. Nb3 Nfxd5 13. Nxd5 Nxd5 14. Bc1 Bf5 15. c3 e5 16. Bg4 Bxg4 17. Qxg4 Qc7 18. Bd2 Rfd8 19. Qe2 a5 20. c4 a4 21. cxd5 axb3 22. axb3 Rxa1 23. Rxa1 Rxd5 24. Bc3 h5 25. Rd1 Qd7 26. Rxd5 Qxd5 27. b4 f5 28. h3 Kf7 29. g4 fxg4 30. hxg4 h4 31. Kh2 Bf6 32. f3 Ke6 33. Kg2 Bg5 34. Kh3 Bf4 35. Kxh4 Qd8+ 36. Kh3 Qh8+ 37. Kg2 Kf6 38. Kg1 Kg5 39. Qg2 Qa8 40. Qe2 Qh8 41. Qg2 Kf6 42. Qe2 Qh3 43. Qg2 Qh4 44. Kf1 Ke6 45. Be1 Qh6 46. Bc3 Be3 47. Ke2 Qf4 48. Kd1 Kd6 49. Qe2 Kc6 50. Kc2 Kd6 51. Qd3+ Ke7 52. Qxg6 Qxf3 53. Qg7+ Kd8 54. Qxe5 Qe2+ 55. Kb3 Qd1+ 1/2-1/2

[Event "Kaunas Butnorius 70 op"]
[Site "Kaunas"]
[Date "2016.08.02"]
[Round "2"]
[White "Kupreichik, Viktor D"]
[Black "Petraitis, Gintautas"]
[Result "1-0"]
[WhiteElo "2366"]
[BlackElo "1918"]
[PlyCount "37"]
[EventDate "2016.08.01"]
[EventType "swiss"]
[EventRounds "9"]
[EventCountry "LTU"]
[SourceTitle "CBM 173 Extra"]
[Source "ChessBase"]
[SourceDate "2016.08.29"]
[SourceVersion "1"]
[SourceVersionDate "2016.08.29"]
[SourceQuality "1"]

1. e4 e5 2. Nf3 Nc6 3. Bb5 a6 4. Ba4 Nf6 5. 0-0 Be7 6. Re1 b5 7. Bb3 0-0 8. a4 b4 9. d4 exd4 10. e5 Ne8 11. Bd5 Rb8 12. Nbd2 Bb7 13. Qe2 d6 14. e6 f5 15. Nb3 Nf6 16. Bxc6 Bxc6 17. Nfxd4 Bb7 18. Na5 Bd5 19. Nac6 1-0

[Event "EU-ch Seniors 65 16th"]
[Site "Yerevan"]
[Date "2016.06.10"]
[Round "6"]
[White "Kupreichik, Viktor D"]
[Black "Gaprindashvili, Nona"]
[Result "1/2-1/2"]
[WhiteElo "2361"]
[BlackElo "2299"]
[PlyCount "79"]
[EventDate "2016.06.05"]
[EventType "swiss"]
[EventRounds "9"]
[EventCountry "ARM"]
[SourceTitle "CBM 172 Extra"]
[Source "ChessBase"]
[SourceDate "2016.06.21"]
[SourceVersion "1"]
[SourceVersionDate "2016.06.21"]
[SourceQuality "1"]

1. e4 b6 2. d4 Bb7 3. Bd3 e6 4. Nf3 Ne7 5. h4 d5 6. e5 Ba6 7. Bxa6 Nxa6 8. c4 Qd7 9. Qe2 dxc4 10. Qxc4 Qc6 11. Qxc6+ Nxc6 12. a3 Na5 13. Be3 Nb3 14. Ra2 c5 15. Nbd2 Nc1 16. Ra1 Nd3+ 17. Ke2 Nxb2 18. a4 c4 19. Rhc1 Rc8 20. Rc2 c3 21. Ne4 Bb4 22. Bd2 0-0 23. Bxc3 Bxc3 24. Nxc3 Nc4 25. Rcc1 Nb4 26. Nb5 a6 27. Na7 Rc7 28. Nd2 Rxa7 29. Nxc4 Nd5 30. Ne3 Rd7 31. Rab1 Nf4+ 32. Kf3 Rxd4 33. Rc4 Rxc4 34. Nxc4 Nd5 35. Nxb6 Rb8 36. a5 h5 37. Rb3 Kh7 38. Ke4 Rb7 39. Kd4 Kh6 40. Rb2 1/2-1/2

[Event "EU-ch Seniors 65 16th"]
[Site "Yerevan"]
[Date "2016.06.09"]
[Round "5"]
[White "Vasiukov, Evgeni"]
[Black "Kupreichik, Viktor D"]
[Result "1-0"]
[WhiteElo "2403"]
[BlackElo "2361"]
[PlyCount "93"]
[EventDate "2016.06.05"]
[EventType "swiss"]
[EventRounds "9"]
[EventCountry "ARM"]
[SourceTitle "CBM 172 Extra"]
[Source "ChessBase"]
[SourceDate "2016.06.21"]
[SourceVersion "1"]
[SourceVersionDate "2016.06.21"]
[SourceQuality "1"]

1. e4 c5 2. Nf3 d6 3. d4 cxd4 4. Qxd4 Nf6 5. Nc3 a6 6. e5 Nc6 7. Qa4 Nd7 8. exd6 Nc5 9. Qh4 Bf5 10. Be3 exd6 11. Qxd8+ Rxd8 12. 0-0-0 Be7 13. Nd5 Be4 14. Be2 0-0 15. Rhe1 Rfe8 16. Nxe7+ Nxe7 17. Bxc5 dxc5 18. Rxd8 Rxd8 19. Bxa6 Bxf3 20. gxf3 Rd7 21. Bb5 Rc7 22. Rd1 g6 23. Rd7 Rxd7 24. Bxd7 Kf8 25. Kd2 Nd5 26. Bc8 b6 27. Bb7 Nf4 28. c3 Ke7 29. b4 Kd6 30. a4 Kc7 31. Ba8 Kb8 32. Bc6 Kc7 33. Be8 cxb4 34. cxb4 Nd5 35. b5 f5 36. Bf7 Nf6 37. Kc3 g5 38. Kb4 g4 39. Be6 gxf3 40. Bxf5 Kd6 41. a5 Nd5+ 42. Ka4 Nc3+ 43. Kb3 Nxb5 44. Kc4 Na7 45. axb6 Nc6 46. Bxh7 Ne5+ 47. Kb5 1-0

[Event "EU-ch Seniors 65 16th"]
[Site "Yerevan"]
[Date "2016.06.06"]
[Round "2"]
[White "Kupreichik, Viktor D"]
[Black "Savolainen, Lev P"]
[Result "1-0"]
[WhiteElo "2361"]
[BlackElo "2107"]
[PlyCount "99"]
[EventDate "2016.06.05"]
[EventType "swiss"]
[EventRounds "9"]
[EventCountry "ARM"]
[SourceTitle "CBM 172 Extra"]
[Source "ChessBase"]
[SourceDate "2016.06.21"]
[SourceVersion "1"]
[SourceVersionDate "2016.06.21"]
[SourceQuality "1"]

1. e4 e6 2. d4 d5 3. e5 c5 4. c3 Nc6 5. Be3 Qb6 6. Qd2 Nh6 7. Bd3 Ng4 8. Nf3 Bd7 9. 0-0 cxd4 10. Bxd4 Nxd4 11. cxd4 Bb5 12. Bxb5+ Qxb5 13. Nc3 Qd7 14. Qg5 Nh6 15. Nh4 a6 16. f4 g6 17. Qf6 Rg8 18. Qg5 Qd8 19. Rac1 b5 20. Ne2 Kd7 21. Rc2 Qxg5 22. fxg5 Nf5 23. Nxf5 gxf5 24. Rfc1 Be7 25. Rc7+ Ke8 26. h4 h6 27. Rc8+ Rxc8 28. Rxc8+ Bd8 29. gxh6 Rh8 30. Ra8 Rxh6 31. g3 f6 32. exf6 Rxf6 33. Rxa6 Bc7 34. Kf2 Ke7 35. Kf3 Rg6 36. Ra7 Kd6 37. Nf4 Rh6 38. Ra6+ Kd7 39. Nxd5 Bd6 40. Ra7+ Kc6 41. Ne7+ Bxe7 42. Rxe7 Rg6 43. h5 Rh6 44. g4 fxg4+ 45. Kxg4 Kd6 46. Rb7 Kc6 47. Rg7 Rh8 48. Kg5 Rf8 49. h6 Rf2 50. h7 1-0

[Event "BLR-chT"]
[Site "Minsk"]
[Date "2016.04.29"]
[Round "5"]
[White "Kovalev, Vladislav"]
[Black "Kupreichik, Viktor D"]
[Result "1-0"]
[WhiteElo "2562"]
[BlackElo "2373"]
[PlyCount "43"]
[EventDate "2016.04.25"]
[EventType "team-swiss"]
[EventRounds "7"]
[EventCountry "BLR"]
[SourceTitle "CBM 172 Extra"]
[Source "ChessBase"]
[SourceDate "2016.06.21"]
[SourceVersion "1"]
[SourceVersionDate "2016.06.21"]
[SourceQuality "1"]
[WhiteTeam "Itransition"]
[BlackTeam "Belaya Tower"]
[WhiteTeamCountry "BLR"]
[BlackTeamCountry "BLR"]

1. e4 c5 2. Nf3 d6 3. d4 cxd4 4. Nxd4 Nf6 5. Nc3 Bd7 6. Bg5 e6 7. Qd3 a6 8. 0-0-0 Nc6 9. f4 Be7 10. Nf3 Qa5 11. a3 0-0 12. e5 dxe5 13. Bxf6 gxf6 14. fxe5 Rfd8 15. exf6 Bxf6 16. Ne4 Bg7 17. Neg5 h6 18. Qh7+ Kf8 19. Nxf7 Kxf7 20. Bc4 Ne7 21. Rhf1 Nf5 22. Ne5+ 1-0

[Event "BLR-chT"]
[Site "Minsk"]
[Date "2016.04.27"]
[Round "3"]
[White "Smolich, Pavel"]
[Black "Kupreichik, Viktor D"]
[Result "1-0"]
[WhiteElo "2285"]
[BlackElo "2373"]
[PlyCount "85"]
[EventDate "2016.04.25"]
[EventType "team-swiss"]
[EventRounds "7"]
[EventCountry "BLR"]
[SourceTitle "CBM 172 Extra"]
[Source "ChessBase"]
[SourceDate "2016.06.21"]
[SourceVersion "1"]
[SourceVersionDate "2016.06.21"]
[SourceQuality "1"]
[WhiteTeam "BGU"]
[BlackTeam "Belaya Tower"]
[WhiteTeamCountry "BLR"]
[BlackTeamCountry "BLR"]

1. d4 d5 2. c4 c6 3. Nc3 dxc4 4. e3 Be6 5. a4 Nf6 6. Nf3 g6 7. Ne5 Bg7 8. Bxc4 Bxc4 9. Nxc4 0-0 10. 0-0 Nbd7 11. b4 Qc7 12. f4 Nd5 13. Qb3 Nxc3 14. Qxc3 b6 15. Ba3 Rfc8 16. Rac1 Rab8 17. Rf2 Qd8 18. Rfc2 Rb7 19. Kh1 h5 20. h3 Kh7 21. Qb3 Rbc7 22. Nb2 Nf6 23. Kg1 Ne4 24. Nd3 e6 25. Nf2 Ng3 26. Qd3 f5 27. Kh2 h4 28. Qc4 Bf8 29. Nd3 Bd6 30. Bb2 g5 31. Qxe6 Re7 32. Qf6 Rec7 33. Qe6 Re7 34. Qc4 Nh5 35. Ne5 gxf4 36. exf4 Nxf4 37. Rf1 Ng6 38. Rxf5 Qd7 39. Rcf2 Rg8 40. Kg1 Qe6 41. Qxe6 Rxe6 42. Rh5+ Kg7 43. Rf7# 1-0

[Event "EU-ch rapid"]
[Site "Minsk"]
[Date "2015.12.19"]
[Round "4"]
[White "Petrosian, Tigran L"]
[Black "Kupreichik, Viktor D"]
[Result "1-0"]
[WhiteElo "2625"]
[BlackElo "2386"]
[PlyCount "117"]
[EventDate "2015.12.19"]
[EventType "swiss (rapid)"]
[EventRounds "11"]
[EventCountry "BLR"]
[SourceTitle "EXT 2017"]
[Source "ChessBase"]
[SourceDate "2016.10.25"]
[SourceVersion "1"]
[SourceVersionDate "2016.10.25"]
[SourceQuality "1"]

1. Nf3 d5 2. g3 Nc6 3. Bg2 e5 4. 0-0 Nf6 5. a3 Bd6 6. d3 0-0 7. b4 e4 8. Nfd2 Re8 9. dxe4 dxe4 10. Nc4 Be5 11. Qxd8 Rxd8 12. Nxe5 Nxe5 13. Bb2 Re8 14. Rd1 Bg4 15. Bxe5 Rxe5 16. Nc3 Rae8 17. h3 Bf5 18. e3 h5 19. Rd2 a5 20. Rad1 axb4 21. axb4 Kf8 22. Ra1 R5e6 23. Nb5 Rc6 24. Nd4 Rd6 25. c4 b6 26. Rc2 Bc8 27. c5 bxc5 28. Rxc5 Rb6 29. Ra7 c6 30. Rxc6 Rxc6 31. Nxc6 Bd7 32. b5 Bxc6 33. bxc6 Rc8 34. Ra6 Ke7 35. Bf1 Kd6 36. Bb5 Nd5 37. Ra7 Rc7 38. Ra8 Nc3 39. Bc4 Kxc6 40. Ra3 Nd5 41. Ba2 Kd6 42. Ra6+ Rc6 43. Ra7 Rc1+ 44. Kg2 Ra1 45. Ra6+ Ke7 46. Ra7+ Kf6 47. g4 hxg4 48. hxg4 Nb4 49. Rxf7+ Kg6 50. Be6 Ra5 51. Rb7 Nd3 52. Bf5+ Kg5 53. Rxg7+ Kf6 54. Rg6+ Kf7 55. Bxe4 Ne5 56. Rg5 Kf6 57. Rf5+ Ke6 58. f4 Ra2+ 59. Kg3 1-0

[Event "Wch Seniors 65 25th"]
[Site "Acqui Terme"]
[Date "2015.11.18"]
[Round "8"]
[White "Kupreichik, Viktor D"]
[Black "Okhotnik, Vladimir"]
[Result "0-1"]
[WhiteElo "2369"]
[BlackElo "2442"]
[PlyCount "94"]
[EventDate "2015.11.10"]
[EventType "swiss"]
[EventRounds "11"]
[EventCountry "ITA"]
[SourceTitle "CBM 169 Extra"]
[Source "ChessBase"]
[SourceDate "2015.12.18"]
[SourceVersion "1"]
[SourceVersionDate "2015.12.18"]
[SourceQuality "1"]

1. e4 g6 2. d4 Bg7 3. Be3 d6 4. Qd2 c5 5. c3 Nf6 6. f3 Nc6 7. Ne2 d5 8. e5 cxd4 9. cxd4 Nd7 10. Nec3 Ndxe5 11. Na3 Be6 12. dxe5 d4 13. Bf4 dxc3 14. Qxc3 0-0 15. Bc4 Bxc4 16. Nxc4 Rc8 17. Rd1 Qc7 18. a4 Rfd8 19. 0-0 Rxd1 20. Rxd1 Rd8 21. Rxd8+ Qxd8 22. Kf2 Qd1 23. a5 Qd5 24. b3 h5 25. h3 e6 26. h4 Bf8 27. Qd2 Bb4 28. Qxd5 exd5 29. Ne3 Bc5 30. Ke2 Bxe3 31. Bxe3 Nxa5 32. Bxa7 Nc6 33. Bb6 Nxe5 34. Ke3 Nc6 35. Kf4 f6 36. g4 Kf7 37. gxh5 gxh5 38. Kf5 Ne7+ 39. Kf4 Ke6 40. Bf2 Ng6+ 41. Ke3 Ne5 42. Bg3 Nc6 43. Be1 d4+ 44. Ke4 f5+ 45. Kf4 Ne5 46. Ba5 Nd3+ 47. Kg5 Nc5 0-1

[Event "Wch Seniors 65 25th"]
[Site "Acqui Terme"]
[Date "2015.11.17"]
[Round "7"]
[White "Kupreichik, Viktor D"]
[Black "Maryasin, Boris Feliksovich"]
[Result "1-0"]
[WhiteElo "2369"]
[BlackElo "2335"]
[PlyCount "49"]
[EventDate "2015.11.10"]
[EventType "swiss"]
[EventRounds "11"]
[EventCountry "ITA"]
[SourceTitle "CBM 169 Extra"]
[Source "ChessBase"]
[SourceDate "2015.12.18"]
[SourceVersion "1"]
[SourceVersionDate "2015.12.18"]
[SourceQuality "1"]

1. e4 c5 2. Nf3 Nc6 3. d4 cxd4 4. Nxd4 Qb6 5. Nb3 Nf6 6. Nc3 e6 7. Bd3 a6 8. Qe2 Qc7 9. f4 d6 10. 0-0 b5 11. Bd2 b4 12. Nd1 Be7 13. c3 e5 14. cxb4 exf4 15. Rxf4 Nxb4 16. Bxb4 Qb6+ 17. Qe3 Qxb4 18. e5 Nd5 19. Rxb4 Nxe3 20. Nxe3 dxe5 21. Rc4 0-0 22. Nd5 Bg5 23. Re1 Be6 24. Rxe5 Bf6 25. Rh5 1-0

[Event "Wch Seniors 65 25th"]
[Site "Acqui Terme"]
[Date "2015.11.12"]
[Round "3"]
[White "Kupreichik, Viktor D"]
[Black "Aparicio, Anibal"]
[Result "1-0"]
[WhiteElo "2369"]
[BlackElo "2221"]
[PlyCount "110"]
[EventDate "2015.11.10"]
[EventType "swiss"]
[EventRounds "11"]
[EventCountry "ITA"]
[SourceTitle "CBM 169 Extra"]
[Source "ChessBase"]
[SourceDate "2015.12.18"]
[SourceVersion "1"]
[SourceVersionDate "2015.12.18"]
[SourceQuality "1"]

1. e4 e6 2. d4 d5 3. e5 c5 4. c3 Bd7 5. Bd3 cxd4 6. cxd4 Qb6 7. Ne2 Nc6 8. a3 f6 9. exf6 Nxf6 10. Nbc3 Bd6 11. 0-0 0-0 12. h3 Rf7 13. Be3 Raf8 14. b4 Bc8 15. Rc1 Qd8 16. Qc2 Kh8 17. f4 g6 18. Rf3 Rg8 19. Rcf1 Bf8 20. Bf2 Ne8 21. Re1 Bg7 22. Bb5 Rc7 23. Qd2 Nd6 24. Nc1 a6 25. Bxc6 Rxc6 26. Nd3 Nc4 27. Qa2 Rf8 28. a4 Rc7 29. a5 Nxa5 30. Nxd5 Qxd5 31. Qxa5 Rc4 32. Ne5 Rc2 33. Qa3 b5 34. Rc1 Ra2 35. Qc3 Bb7 36. Qc7 Kg8 37. Rc5 Qe4 38. Qe7 Ra1+ 39. Kh2 Bf6 40. Qxe6+ Kh8 41. Rc7 Qd5 42. Qd7 Qxd7 43. Nxd7 Bxf3 44. Nxf8 Ra2 45. Kg3 Bxg2 46. Nxh7 Bg7 47. Ng5 Bd5 48. Rc8+ Bg8 49. d5 Rd2 50. d6 Bf6 51. Ne4 Rd3+ 52. Kg4 Bb2 53. Bh4 Kg7 54. Rc7+ Kf8 55. Nc5 Rxd6 1-0

[Event "Vilnius Mikenas Memorial op"]
[Site "Vilnius"]
[Date "2015.09.13"]
[Round "2"]
[White "Kovalev, Andrei"]
[Black "Kupreichik, Viktor D"]
[Result "1/2-1/2"]
[WhiteElo "2526"]
[BlackElo "2378"]
[PlyCount "61"]
[EventDate "2015.09.12"]
[EventType "swiss"]
[EventRounds "9"]
[EventCountry "LTU"]
[SourceTitle "EXT 2016"]
[Source "ChessBase"]
[SourceDate "2015.10.08"]
[SourceVersion "1"]
[SourceVersionDate "2015.10.08"]
[SourceQuality "1"]

1. e4 e5 2. Nf3 Nc6 3. Nc3 Nf6 4. d4 exd4 5. Nxd4 Bb4 6. Nxc6 bxc6 7. Bd3 d5 8. exd5 cxd5 9. 0-0 0-0 10. h3 c6 11. Qf3 Re8 12. Bg5 h6 13. Bxf6 Qxf6 14. Qxf6 gxf6 15. Ne2 Bd6 16. Ng3 Rb8 17. b3 Be6 18. Nf5 Bxf5 19. Bxf5 Re5 20. Bd3 a5 21. Rad1 Kf8 22. Rfe1 Rxe1+ 23. Rxe1 Re8 24. Rxe8+ Kxe8 25. g3 Ke7 26. Kg2 Ke6 27. f4 f5 28. Kf3 Bb4 29. g4 fxg4+ 30. hxg4 Bd2 31. Bf5+ 1/2-1/2

[Event "Minsk op"]
[Site "Minsk"]
[Date "2015.07.20"]
[Round "6"]
[White "Zelenko, Pavel"]
[Black "Kupreichik, Viktor D"]
[Result "1-0"]
[WhiteElo "2134"]
[BlackElo "2385"]
[PlyCount "59"]
[EventDate "2015.07.15"]
[EventType "swiss"]
[EventRounds "9"]
[EventCountry "BLR"]
[SourceTitle "CBM 167 Extra"]
[Source "ChessBase"]
[SourceDate "2015.09.14"]
[SourceVersion "1"]
[SourceVersionDate "2015.09.14"]
[SourceQuality "1"]

1. d4 d5 2. c4 dxc4 3. e3 Be6 4. Nf3 c6 5. a4 Nf6 6. Nbd2 Qa5 7. Be2 Nbd7 8. 0-0 Nb6 9. Qc2 Rc8 10. Nxc4 Bxc4 11. Bxc4 e6 12. Ne5 Bb4 13. f4 0-0 14. f5 Nxc4 15. Qxc4 c5 16. fxe6 cxd4 17. exf7+ Kh8 18. Qb5 Qxb5 19. axb5 Bc5 20. Rf3 g6 21. Rxf6 dxe3 22. Kf1 Bd4 23. Re6 Rc5 24. Nf3 Rxf7 25. Ke2 Bf6 26. Bxe3 Rxb5 27. Rxf6 Rxb2+ 28. Nd2 Rxf6 29. Bd4 Rbb6 30. Rf1 1-0

[Event "Minsk op"]
[Site "Minsk"]
[Date "2015.07.18"]
[Round "4"]
[White "Maksimov, Dmitri"]
[Black "Kupreichik, Viktor D"]
[Result "0-1"]
[WhiteElo "2215"]
[BlackElo "2385"]
[PlyCount "60"]
[EventDate "2015.07.15"]
[EventType "swiss"]
[EventRounds "9"]
[EventCountry "BLR"]
[SourceTitle "CBM 167 Extra"]
[Source "ChessBase"]
[SourceDate "2015.09.14"]
[SourceVersion "1"]
[SourceVersionDate "2015.09.14"]
[SourceQuality "1"]

1. e4 c5 2. Nc3 Nc6 3. f4 a6 4. g3 g6 5. Nf3 Bg7 6. Bg2 b5 7. 0-0 Bb7 8. a4 b4 9. Ne2 d6 10. c3 Nf6 11. e5 dxe5 12. fxe5 Nd5 13. e6 f6 14. d4 cxd4 15. Nfxd4 f5 16. Nxf5 gxf5 17. Bxd5 Qb6+ 18. Rf2 0-0-0 19. Bf4 Rxd5 20. Qxd5 Ne5 21. Bxe5 Bxd5 22. Bxg7 Rd8 23. Nd4 bxc3 24. bxc3 f4 25. Be5 fxg3 26. hxg3 Ba8 27. Kh2 Qa5 28. Re1 Rxd4 29. cxd4 Qxe1 30. Rc2+ Kd8 0-1

[Event "Wch Seniors 65 24th"]
[Site "Katerini"]
[Date "2014.10.27"]
[Round "4"]
[White "Kupreichik, Viktor D"]
[Black "Singer, Hans"]
[Result "1/2-1/2"]
[WhiteElo "2405"]
[BlackElo "2207"]
[PlyCount "28"]
[EventDate "2014.10.24"]
[EventType "swiss"]
[EventRounds "11"]
[EventCountry "GRE"]
[SourceTitle "EXT 2015"]
[Source "ChessBase"]
[SourceDate "2014.11.20"]
[SourceVersion "1"]
[SourceVersionDate "2014.11.20"]
[SourceQuality "1"]

1. e4 c6 2. Nc3 d5 3. Nf3 Bg4 4. h3 Bxf3 5. Qxf3 e6 6. Be2 Nf6 7. d3 Bd6 8. Bd2 Nbd7 9. g4 Ne5 10. Qg2 Ng6 11. g5 Nd7 12. h4 d4 13. Nd1 Bf4 14. a4 Bxd2+ 1/2-1/2